| 000 | 00783nam a2200193 a 4500 | ||
|---|---|---|---|
| 003 | BD-DhJNU | ||
| 005 | 20250121065150.0 | ||
| 008 | 160822b 1989 bg a||| |||| 00| 0 ben d | ||
| 040 |
_aBD-DhJNU _bben _cBD-DhJNU _dBD-DhJNU |
||
| 082 |
_a297.03 ISL _223 |
||
| 110 | _aইসলামিক ফাউন্ডেশন বাংলাদেশ | ||
| 245 | _aইসলামী বিশ্বকোষ, ৭ম খণ্ড / | ||
| 246 | _aIslami bissokosh / | ||
| 260 |
_aঢাকা : _bইসলামিক ফাউন্ডেশন বাংলাদেশ, _c1989. |
||
| 300 |
_a654 p. ; _c26 cm. |
||
| 526 | _aIslamic Studies | ||
| 650 | _aIslamic studies (ইসলাম শিক্ষা). | ||
| 650 | _aIslamic - Encyclopedia (ইসলামী বিশ্বকোষ). | ||
| 999 |
_c1134 _d1134 |
||